000 00279 a2200145 4500
001 172037
020 _a
040 _cMagnum
100 _a-
240 1 0 _aCristo foi seu norte
_lpor
245 1 0 _aCristo foi seu norte
362 0 _a1899
697 _aRELIGIAO
942 _cBK
999 _c172037
_d172037